000 01233naa a2200313 c 4500
001 49532
999 _c49532
_d49532
003 ES-MaCES
005 20170606105756.0
008 170606s2017 ne ||||| t||||||| ||eng d
040 _aES-MaCES
_bspa
_cES-MaCES
_dES-MaCES
100 1 _938258
_aMatha, Thomas Y.
245 1 0 _aHousehold wealth in the euro area
_b: the importance of intergenerational transfers, homeownership and house price dynamics
_cThomas Y. Matha, Alessandro Porpiglia, Michael Ziegelmeyer
500 _aResumen
504 _aBibliografía: p. 12
650 4 _930031
_aingreso de los hogares
650 4 _927109
_adistribución del ingreso
650 4 _929375
_ariqueza
650 4 _928598
_avivienda
650 4 _931214
_abienes inmuebles
650 4 _927144
_apropiedad
650 4 _928889
_aanálisis estadístico
650 4 _926752
_aUE
653 1 0 _aVivienda-Construcción-Urbanismo
700 1 _938259
_aPorpiglia, Alessandro
700 1 _938260
_aZiegelmeyer, Michael
773 0 _985970
_dAmsterdam (P.O. Box 211, 1000 AE) Elsevier Science
_o088868
_tJournal of housing economics
_w(ES-MaCES)25393
_gvol. 35 (Mar. 2017) {10383 R. 088868} ;p. 1-12
902 _aART Artículo de revista
942 _2CES
_cAR
_h5.2.